[Event "AUTO-MASTER-749"]
[Site "http://www.queenalice.com/game.php?id=601538"]
[Date "2009.6.11"]
[Round "2"]
[White "robelix"]
[Black "enzoiazo"]
[Result "1-0"]
[WhiteElo "2113"]
[BlackElo "2163"]

1. d4 Nf6 2. c4 c5 3. d5 e6 4. Nc3 exd5 5. cxd5 d6 6. Nf3 g6 7. Bf4 Nh5 8. Qa4+
Bd7 9. Qe4+ Qe7 10. Qxe7+ Bxe7 11. Bh6 f5 12. e3 a6 13. a4 Kf7 14. Bd3 Be8 15.
O-O Nd7 16. Rfe1 Bf6 17. e4 f4 18. e5 Nxe5 19. Nxe5+ Bxe5 20. Ne4 Ke7 21. Nxc5
Bf7 22. Bg5+ Ke8 23. Rxe5+ dxe5 24. Re1 Kf8 25. Bh6+ Ke7 26. Nxb7 Kf6 27. d6 Ra7
28. Nc5 Be6 29. h4 Rc8 30. Bg5+ Kg7 31. Rxe5 Bg8 32. d7 Rxc5 33. d8=Q Rxe5 34.
Qd4 1-0

[Event "AUTO-MASTER-749"]
[Site "http://www.queenalice.com/game.php?id=601541"]
[Date "2009.6.11"]
[Round "2"]
[White "robelix"]
[Black "bohinky"]
[Result "1-0"]
[WhiteElo "2108"]
[BlackElo "2101"]

1. d4 d5 2. c4 c6 3. Nf3 Nf6 4. e3 e6 5. Nbd2 Nbd7 6. b3 Bd6 7. Bb2 O-O 8. Bd3
b6 9. O-O Bb7 10. Ne5 Qe7 11. f4 Rac8 12. Rf3 c5 13. Rh3 g6 14. Qc2 cxd4 15.
exd4 dxc4 16. bxc4 Nd5 17. Rf1 Ne3 18. Rxe3 1-0

[Event "AUTO-MASTER-749"]
[Site "http://www.queenalice.com/game.php?id=601542"]
[Date "2009.6.11"]
[Round "2"]
[White "bohinky"]
[Black "robelix"]
[Result "1/2-1/2"]
[WhiteElo "2030"]
[BlackElo "2079"]

1. d4 f5 2. g3 Nf6 3. Bg2 e6 4. c4 d5 5. Nf3 c6 6. O-O Bd6 7. c5 Bc7 8. Nc3 O-O
9. Bf4 Bxf4 10. gxf4 Ne4 11. e3 b6 12. Nxe4 fxe4 13. Ne5 Bb7 14. Qg4 Qe7 15.
Rfc1 Nd7 16. Nxd7 Qxd7 17. b4 bxc5 18. bxc5 Rf6 19. Rab1 Ba6 20. Rb2 Bd3 21. Qd1
a5 22. f3 Rg6 23. Kh1 a4 24. fxe4 dxe4 25. Qh5 1/2-1/2

[Event "QA-ANNIV-05"]
[Site "http://www.queenalice.com/game.php?id=604203"]
[Date "2009.6.15"]
[Round "1"]
[White "Cuti"]
[Black "robelix"]
[Result "0-1"]
[WhiteElo "1991"]
[BlackElo "2122"]

1. d4 e6 2. c4 f5 3. Nf3 Nf6 4. e3 d5 5. cxd5 exd5 6. Nc3 c6 7. Bd3 Bd6 8. O-O
O-O 9. a3 Ne4 10. Re1 Bd7 11. b4 Nxc3 12. Qc2 Ne4 13. Ne5 Be6 14. f3 Ng5 15. Bb2
Nd7 16. b5 Rc8 17. bxc6 Nxe5 18. dxe5 Rxc6 19. Qf2 Bc5 20. Bd4 Bxd4 21. exd4 Rc3
22. Qd2 Rc7 23. Rac1 Rxc1 24. Rxc1 h6 25. Be2 Qd7 26. Qb4 Rc8 27. Rb1 Rc7 28. h4
Nf7 29. g3 Qc8 30. Qa4 a6 31. Kf2 Bd7 32. Qb4 Bc6 33. Bd3 f4 34. Qa5 Bb5 35. e6
Rc2+ 36. Kg1 Bxd3 37. exf7+ Kxf7 38. Qxd5+ Kf8 39. Rxb7 Rc1+ 40. Kh2 Qc2+ 41.
Kh3 Bf5+ 42. Qxf5+ Qxf5+ 43. g4 Qc2 44. Rb8+ Ke7 45. g5 Qf5+ 46. Kg2 Rc2+ 47.
Kf1 Qh3+ 48. Ke1 Qh1# 0-1

[Event "AUTO-OPEN-1480"]
[Site "http://www.queenalice.com/game.php?id=606839"]
[Date "2009.6.21"]
[Round "2"]
[White "d4c4Cc3"]
[Black "robelix"]
[Result "1-0"]
[WhiteElo "1935"]
[BlackElo "2101"]

1. d4 e6 2. c4 f5 3. f4 Nf6 4. e3 d5 5. Nc3 c6 6. Nf3 Bd6 7. a3 a5 8. Bd3 O-O 9.
O-O b6 10. Ne5 Bb7 11. Bd2 Nbd7 12. Rc1 Ne4 13. cxd5 exd5 14. Nxe4 fxe4 15. Nxc6
Bxc6 16. Rxc6 Nb8 17. Bb5 Nxc6 18. Bxc6 Rc8 19. Bxd5+ Kh8 20. Bxe4 Bxf4 21. Qh5
Bh6 22. Rxf8+ Qxf8 23. h3 Qf6 24. g4 Rf8 25. Qf5 Qxf5 26. Bxf5 Bg5 27. d5 Be7
28. e4 Bc5+ 29. Kg2 Bd4 30. Bc3 Bxc3 31. bxc3 g6 32. Be6 Rf4 33. d6 Rf8 34. e5
Kg7 35. Bd7 Rf4 36. Bc6 Kf7 37. Bd5+ Ke8 38. e6 1-0

[Event "AUTO-OPEN-1480"]
[Site "http://www.queenalice.com/game.php?id=606840"]
[Date "2009.6.21"]
[Round "2"]
[White "robelix"]
[Black "d4c4Cc3"]
[Result "0-1"]
[WhiteElo "2120"]
[BlackElo "1890"]

1. d4 e6 2. c4 d5 3. Nf3 Nf6 4. Bg5 Be7 5. Nc3 c6 6. e3 O-O 7. Qc2 Nbd7 8. O-O-O
h6 9. h4 a6 10. Kb1 b5 11. cxd5 cxd5 12. Bxf6 Nxf6 13. Ne5 Bb7 14. f3 Rc8 15.
Qf2 Bb4 16. Ne2 Nd7 17. Ng4 f5 18. Ne5 Nxe5 19. dxe5 Qc7 20. Nd4 Qxe5 21. Bd3 f4
22. exf4 Qf6 23. Qg3 Bc5 24. Ne2 Be3 25. h5 Rf7 26. Rh4 Rfc7 27. Rg4 b4 28. Rg6
Qd4 29. b3 Rc1+ 30. Nxc1 Rxc1+ 31. Rxc1 Qxd3+ 0-1

[Event "QA-ANNIV-05"]
[Site "http://www.queenalice.com/game.php?id=654421"]
[Date "2009.9.18"]
[Round "2"]
[White "robelix"]
[Black "Corinthiano_SP"]
[Result "1-0"]
[WhiteElo "2083"]
[BlackElo "2137"]

1. d4 Nf6 2. c4 g6 3. Nc3 d5 4. cxd5 Nxd5 5. e4 Nxc3 6. bxc3 Bg7 7. Bc4 c6 8.
Ne2 O-O 9. O-O Kh8 10. e5 Nd7 11. Bg5 f6 12. exf6 exf6 13. Bf4 Nb6 14. Bb3 Nd5
15. Bd2 Be6 16. c4 Nc7 17. a4 Qd7 18. Bc3 Rfd8 19. Re1 Bf7 20. Qd3 Na6 21. Qf3
Bg8 22. Rad1 Nc7 23. Nf4 Re8 24. d5 cxd5 25. Nxd5 Nxd5 26. cxd5 f5 27. Bxg7+
Qxg7 28. Re3 Bf7 29. Rxe8+ Rxe8 30. d6 Bxb3 31. Qxb3 Qd7 32. h3 Re6 33. Qc3+ Kg8
34. Qc7 Qxa4 35. Rc1 Qd4 36. Qc8+ Kf7 37. Rc7+ Kf6 38. Qh8+ 1-0

[Event "AUTO-OPEN-1489"]
[Site "http://www.queenalice.com/game.php?id=663271"]
[Date "2009.10.5"]
[Round "2"]
[White "Poirot"]
[Black "robelix"]
[Result "0-1"]
[WhiteElo "1828"]
[BlackElo "2077"]

1. e4 e6 2. d4 d5 3. exd5 exd5 4. Nc3 Bb4 5. Bd2 Nf6 6. f3 O-O 7. Qe2 Bxc3 8.
bxc3 Re8 9. Be3 Qe7 10. Kd2 Bf5 11. Re1 Qa3 12. Rc1 Nc6 13. g4 Bg6 14. h4 Na5
15. Ke1 Rxe3 16. Qxe3 Re8 17. Qxe8+ Nxe8 18. Ne2 h5 19. Bh3 Nd6 20. gxh5 Bxh5
21. Rh2 Bxf3 22. Kd1 Nac4 23. Rf2 Qxc3 0-1

[Event "AUTO-OPEN-1489"]
[Site "http://www.queenalice.com/game.php?id=663272"]
[Date "2009.10.5"]
[Round "2"]
[White "robelix"]
[Black "Poirot"]
[Result "1-0"]
[WhiteElo "2101"]
[BlackElo "1778"]

1. d4 d5 2. c4 c6 3. Nf3 Nf6 4. e3 g6 5. Nc3 Bg7 6. Bd3 Bg4 7. O-O O-O 8. Bd2
Qb6 9. b3 Nbd7 10. h3 Bxf3 11. Qxf3 e5 12. Qd1 exd4 13. Na4 Qd8 14. exd4 Ne4 15.
Be3 a6 16. Rc1 b5 17. Nc3 bxc4 18. bxc4 Nxc3 19. Rxc3 c5 20. Be2 Qa5 21. Rc2
dxc4 22. Bxc4 cxd4 23. Bxd4 Bxd4 24. Qxd4 Rad8 25. Bb3 h5 26. Qe4 Rfe8 27. Qxg6+
Kh8 28. Bxf7 Re1 29. Qh6# 1-0

[Event "AUTO-OPEN-1489"]
[Site "http://www.queenalice.com/game.php?id=663277"]
[Date "2009.10.5"]
[Round "2"]
[White "waldi"]
[Black "robelix"]
[Result "1/2-1/2"]
[WhiteElo "2057"]
[BlackElo "2101"]

1. d4 d5 2. c4 c6 3. Nc3 Nf6 4. Bg5 e6 5. Nf3 dxc4 6. e4 Be7 7. Bxc4 O-O 8. O-O
Nbd7 9. Qb3 Nb6 10. Bd3 h6 11. Bxf6 Bxf6 12. e5 Be7 13. Nd2 Nd5 14. Nxd5 cxd5
15. f4 f5 16. Qd1 Bd7 17. Rf3 Rc8 18. Rh3 Qb6 19. Nb3 Ba4 20. Bc2 Bxb3 21. Rxb3
Qc7 22. Rc3 Qd7 23. Rxc8 Rxc8 24. Ba4 Qc7 25. Bb3 b5 26. g4 a5 27. a3 a4 28. Ba2
Qc2 29. Rb1 Qxd1+ 30. Rxd1 Rc2 31. gxf5 Rxb2 32. Ra1 Rd2 33. fxe6 Rxd4 34. Rb1
Rd2 35. Ra1 b4 36. axb4 Bxb4 37. Bb1 Rd1+ 38. Kg2 Kf8 39. Kf2 a3 40. Ke2 Rh1 41.
f5 1/2-1/2

[Event "AUTO-OPEN-1489"]
[Site "http://www.queenalice.com/game.php?id=663278"]
[Date "2009.10.5"]
[Round "2"]
[White "robelix"]
[Black "waldi"]
[Result "1/2-1/2"]
[WhiteElo "2091"]
[BlackElo "2027"]

1. d4 c6 2. c4 d5 3. Nf3 Bg4 4. e3 Nf6 5. Nc3 e6 6. cxd5 exd5 7. Qb3 Qc7 8. Be2
Bd6 9. h3 Be6 10. O-O O-O 11. Qc2 Nbd7 12. Ng5 h6 13. Nxe6 fxe6 14. e4 e5 15.
Be3 exd4 16. Bxd4 Rae8 17. exd5 cxd5 18. Bd3 Re7 19. Qb3 Bh2+ 20. Kh1 Be5 21.
Bxe5 Rxe5 22. f4 Rh5 23. Bg6 Rh4 24. Nxd5 Nxd5 25. Qxd5+ Kh8 26. Rac1 Qb6 27. f5
Nf6 28. Qc5 Qxc5 29. Rxc5 Ne4 30. Rc7 Ng3+ 31. Kg1 Nxf1 32. Kxf1 Rb4 33. b3 Rb6
34. Ke2 Rb8 35. Rd7 Rc6 36. Kd2 a6 37. Bf7 b5 38. g4 Rbc8 39. b4 Rc2+ 40. Kd3
R2c3+ 41. Kd2 Rxh3 42. Ra7 Ra3 43. Bb3 Rxb3 44. axb3 Rc6 45. Ra8+ 1/2-1/2

[Event "Challenge"]
[Site "http://www.queenalice.com/game.php?id=683492"]
[Date "2009.11.14"]
[Round "-"]
[White "fernando1971"]
[Black "robelix"]
[Result "1-0"]
[WhiteElo "2419"]
[BlackElo "2115"]

1. Nf3 e6 2. e4 d5 3. e5 c5 4. c3 Nc6 5. d4 cxd4 6. cxd4 Bb4+ 7. Bd2 Bxd2+ 8.
Qxd2 h6 9. Nc3 a6 10. Bd3 Nge7 11. O-O O-O 12. Rac1 Bd7 13. Bc2 f5 14. a3 b5 15.
Ne2 Rc8 16. Nf4 Na5 17. b3 Rc6 18. Nd3 Nb7 19. Nb4 Rb6 20. Bd3 a5 21. Nc2 Qb8
22. b4 axb4 23. Nxb4 Nc6 24. Nxc6 Bxc6 25. Qb4 Nd8 26. Rc3 Nf7 27. Nh4 Kh7 28.
Rfc1 Ba8 29. Nf3 Rb7 30. Rc6 Re8 31. Rxe6 g6 32. Rxe8 Qxe8 33. e6 Ng5 34. Nxg5+
hxg5 35. Re1 Kg7 36. Qd6 1-0

[Event "Challenge"]
[Site "http://www.queenalice.com/game.php?id=683493"]
[Date "2009.11.14"]
[Round "-"]
[White "robelix"]
[Black "fernando1971"]
[Result "0-1"]
[WhiteElo "2112"]
[BlackElo "2422"]

1. d4 d5 2. c4 dxc4 3. e4 b5 4. a4 c6 5. Nc3 b4 6. Na2 e5 7. Nf3 exd4 8. Bxc4
Ba6 9. Bxa6 Nxa6 10. Qxd4 Qxd4 11. Nxd4 Nf6 12. f3 c5 13. Nb5 Be7 14. Be3 O-O
15. Ke2 Nd7 16. Rhd1 Ne5 17. Rac1 Nc6 18. f4 Rad8 19. Rxd8 Rxd8 20. Rd1 Rxd1 21.
Kxd1 Nab8 22. Nc7 c4 23. Nd5 a5 24. Nxe7+ Nxe7 25. Nc1 f5 26. Bc5 Nbc6 27. e5
Nd5 28. Ne2 Nd8 29. g3 Ne6 30. Bf2 Kf7 31. Kc2 h6 32. Ba7 g5 33. fxg5 hxg5 34.
Nd4 Nxd4+ 35. Bxd4 g4 36. Kd2 Ke6 37. Ke2 f4 38. gxf4 Nxf4+ 39. Ke3 Nd5+ 40. Ke4
b3 0-1

[Event "AUTO-MASTER-763"]
[Site "http://www.queenalice.com/game.php?id=708346"]
[Date "2010.1.4"]
[Round "2"]
[White "MikeDoherty"]
[Black "robelix"]
[Result "1-0"]
[WhiteElo "2140"]
[BlackElo "2074"]

1. e4 c5 2. Nc3 d6 3. g3 Nc6 4. Bg2 Nf6 5. Nge2 e6 6. O-O Be7 7. d3 O-O 8. f4 d5
9. e5 Nd7 10. Bd2 a6 11. Kh1 Qc7 12. Be1 Rb8 13. Bf2 b5 14. Ng1 Bb7 15. Nh3 f6
16. exf6 Nxf6 17. Ng5 Nd8 18. Qe2 d4 19. Nce4 Nxe4 20. Nxe4 e5 21. fxe5 Qxe5 22.
g4 Qe6 23. Bg3 Rxf1+ 24. Rxf1 Rc8 25. Rf5 Bxe4 26. Bxe4 Qd7 27. Bd5+ Kh8 28. Qe4
h6 29. Re5 1-0

[Event "AUTO-MASTER-763"]
[Site "http://www.queenalice.com/game.php?id=708347"]
[Date "2010.1.4"]
[Round "2"]
[White "robelix"]
[Black "MikeDoherty"]
[Result "0-1"]
[WhiteElo "2088"]
[BlackElo "2129"]

1. d4 Nf6 2. c4 c5 3. e3 cxd4 4. exd4 g6 5. Nf3 Bg7 6. Bd3 O-O 7. O-O d5 8. h3
Nc6 9. Be3 Be6 10. Nbd2 Nb4 11. Be2 dxc4 12. Bxc4 Nbd5 13. Bg5 h6 14. Bxf6 Bxf6
15. Qb3 Rb8 16. Rfe1 b5 17. Bxd5 Bxd5 18. Qe3 Kh7 19. Rac1 Rb6 20. Ne4 Bg7 21.
Nc5 Bxf3 22. Qxf3 Bxd4 23. Red1 Rf6 24. Qd3 Bxf2+ 25. Kh1 Rd6 0-1

[Event "QA-ANNIV-05"]
[Site "http://www.queenalice.com/game.php?id=723820"]
[Date "2010.2.1"]
[Round "3"]
[White "astrologo"]
[Black "robelix"]
[Result "1/2-1/2"]
[WhiteElo "2101"]
[BlackElo "2097"]

1. Nf3 e6 2. c4 d5 3. cxd5 exd5 4. Nc3 Nf6 5. g3 c6 6. Bg2 d4 7. Nb1 Bc5 8. d3
O-O 9. O-O Bg4 10. Nbd2 Re8 11. Nb3 Bb6 12. h3 Bf5 13. Bg5 h6 14. Bd2 Qd7 15.
Kh2 Na6 16. Nh4 Be6 17. Rc1 Bd5 18. Bxd5 Qxd5 19. Nf3 c5 20. a3 Bc7 21. Na5 b6
22. Nc4 Nb8 23. b4 Nc6 24. bxc5 bxc5 25. Rb1 Rab8 26. Re1 g5 27. h4 Rxb1 28.
Qxb1 Ng4+ 29. Kg2 gxh4 30. gxh4 Nce5 31. Nxe5 Bxe5 32. Kg1 Bc7 33. Qd1 Qd6 34.
Kg2 Nxf2 35. Kxf2 Qg3+ 36. Kf1 Re3 37. Qc1 Qh3+ 38. Kg1 Rxf3 39. exf3 Qg3+
1/2-1/2

[Event "Challenge"]
[Site "http://www.queenalice.com/game.php?id=753017"]
[Date "2010.3.28"]
[Round "-"]
[White "Gil"]
[Black "robelix"]
[Result "0-1"]
[WhiteElo "1749"]
[BlackElo "2097"]

1. d4 d5 2. Nf3 Nf6 3. e3 Bg4 4. h3 Bxf3 5. Qxf3 e6 6. c4 c5 7. Nc3 cxd4 8. exd4
dxc4 9. Bxc4 Nc6 10. d5 exd5 11. Bd3 Be7 12. O-O O-O 13. Re1 Nd4 14. Qg3 Bd6 15.
Qh4 Ne4 16. Bxe4 Qxh4 17. Nxd5 Rae8 0-1

[Event "Challenge"]
[Site "http://www.queenalice.com/game.php?id=753020"]
[Date "2010.3.28"]
[Round "-"]
[White "robelix"]
[Black "Gil"]
[Result "1-0"]
[WhiteElo "2099"]
[BlackElo "999"]

1. d4 d5 2. c4 Nf6 3. Nc3 dxc4 4. e4 e6 5. Bxc4 c5 6. Nf3 Be7 7. O-O O-O 8. d5
exd5 9. exd5 Bd6 10. Nb5 a6 11. Nxd6 Qxd6 12. a4 Bf5 13. Qb3 Ra7 14. g3 Be4 15.
Bf4 Qd8 16. Rad1 b6 17. Rfe1 1-0

[Event "QA-ANNIV-05"]
[Site "http://www.queenalice.com/game.php?id=758995"]
[Date "2010.4.10"]
[Round "4"]
[White "robelix"]
[Black "josekasparov"]
[Result "0-1"]
[WhiteElo "2100"]
[BlackElo "2280"]

1. d4 Nf6 2. c4 g6 3. Nc3 d5 4. cxd5 Nxd5 5. e4 Nxc3 6. bxc3 Bg7 7. Bc4 c5 8.
Ne2 O-O 9. O-O Nc6 10. Be3 Bg4 11. f3 Na5 12. Bxf7+ Rxf7 13. fxg4 Rxf1+ 14. Kxf1
Qd6 15. Kg1 Qe6 16. Ng3 Nc4 17. Bf2 Rd8 18. Qb3 cxd4 0-1